书目信息 |
| 题名: |
花崽美术教室的故事
|
|
| 作者: | 黄旭穰 , 李晖 著 | |
| 分册: | ||
| 出版信息: | 哈尔滨 哈尔滨出版社 2021.09 |
|
| 页数: | 163页 | |
| 开本: | 26cm | |
| 丛书名: | ||
| 单 册: | ||
| 中图分类: | J114-4 | |
| 科图分类: | ||
| 主题词: | 美术教育--mei shu jiao yu--教学研究 | |
| 电子资源: | ||
| ISBN: | 978-7-5484-6303-0 | |
| 000 | 01008nam0 2200265 450 | |
| 001 | CAL 012022026339 | |
| 005 | 20230217093111.0 | |
| 010 | @a978-7-5484-6303-0@dCNY46.00 | |
| 100 | @a20220928d2021 em y0chiy0120 ea | |
| 101 | 0 | @achi |
| 102 | @aCN@b230000 | |
| 105 | @aa z 000yy | |
| 106 | @ar | |
| 200 | 1 | @a花崽美术教室的故事@Ahua zai mei shu jiao shi de gu shi@e初中美术拓展型课堂作业设计实践研究@f黄旭穰, 李晖著 |
| 210 | @a哈尔滨@c哈尔滨出版社@d2021.09 | |
| 215 | @a163页@c彩图@d26cm | |
| 300 | @a明德教育品牌系列成果 | |
| 330 | @a本书共分为五章, 内容包括: 初中美术拓展型课堂作业设计、剪一朵美丽的小团花、创意中国字、有趣的开关设计、刻下游学的Allen。 | |
| 517 | 1 | @a初中美术拓展型课堂作业设计实践研究@Achu zhong mei shu tuo zhan xing ke tang zuo ye she ji shi jian yan jiu |
| 606 | 0 | @a美术教育@Amei shu jiao yu@x教学研究 |
| 690 | @aJ114-4@v5 | |
| 701 | 0 | @a黄旭穰@Ahuang xu rang@4著 |
| 701 | 0 | @a李晖@Ali hui@4著 |
| 801 | 0 | @aCN@bBJXHZP@c20230222 |
| 905 | @b1394207-11@dJ114-4@e177@f5 | |
| 花崽美术教室的故事:初中美术拓展型课堂作业设计实践研究/黄旭穰, 李晖著.-哈尔滨:哈尔滨出版社,2021.09 |
| 163页:彩图;26cm |
| 明德教育品牌系列成果 |
| ISBN 978-7-5484-6303-0:CNY46.00 |
| 本书共分为五章, 内容包括: 初中美术拓展型课堂作业设计、剪一朵美丽的小团花、创意中国字、有趣的开关设计、刻下游学的Allen。 |
| ● |
| 相关链接 |
|
|
|
|
正题名:花崽美术教室的故事
索取号:J114-4/177
 
预约/预借
| 序号 | 登录号 | 条形码 | 馆藏地/架位号 | 状态 | 备注 |
| 1 | 1394207 | 213942073 | 第一样本阅览室/ [索取号:J114-4/177] | 在馆 | |
| 2 | 1394208 | 213942082 | 第一借阅区/ [索取号:J114-4/177] | 在馆 | |
| 3 | 1394209 | 213942091 | 第一借阅区/ [索取号:J114-4/177] | 在馆 | |
| 4 | 1394210 | 213942108 | 第一借阅区/ [索取号:J114-4/177] | 在馆 | |
| 5 | 1394211 | 213942117 | 第一借阅区/ [索取号:J114-4/177] | 在馆 |